000 00792nam a2200241Ia 4500
003 OSt
005 20220923220650.0
006 a|||||r|||| 00| 0
007 ta
008 220922b |||||||| |||| 00| 0 hin d
024 _a188,856
037 _cTextual
040 _aARTS
_cARTS
_bhin
041 _2hin
_ahin
082 _aO152,2M90:g, M2
100 _aराय, नर्वदेश्वर
245 0 _aराधेश्याम कथा वाचक के नाटक
246 _aRādheshyām kathā vāchak ke nāṭaka
260 _aगाजीपुूर
_b लेखक प्रकाशन
_c1982
300 _a185 पृ.
_ccm.
942 _hO152,2M90:g, M2
_cTEXL
_2CC
999 _c341739
_d341739